000 00564nam a2200193Ia 4500
005 20250423100601.0
008 250422s9999 xx 000 0 und d
020 _a9780750645850
050 _aTK 7867 .S56/
100 _aSinclair, Ian R.
245 0 _aPractical electronic handbook
250 _a5th ed.
260 _aOxford
260 _bNewnes
260 _c2015
300 _a561 p
650 _a Electronic circuits. Electronic apparatus and appliances--Design and construction. Printed circuits--Design and construction.
942 _cBK
999 _c33748
_d33748